00952nam a2200277 i 45000010005000000030009000050050017000140080039000310150017000700400035000870800008001221000039001302450071001692600057002403000028002973800017003255040034003426500012003767000022003887100042004108560097004529420012005499990015005619520048005769520050006248221KOSZ 00520200813125436.0080913s1956 pl a f 001 0 pol aPB 1956/4127 aWA NcKOSZ 005/RWdKOSZ 005/RW a5411 aMinc, Stefand(1914-2003).eAutor.10aElementy fizykochemii koloidów /cStefan Minc, Lech Stolarczyk.  aWarszawa :bPaństwowe Wydawnictwo Naukowe,c1956.  a292 s. :bil. ;c25 cm. aKsiążki. aBibliogr. przy rozdz. Indeks. 4aKoloidy1 aStolarczyk, Lech.2 aPaństwowe Wydawnictwo Naukowe4pbl. uhttp://koha.tu.koszalin.pl/cgi-bin/koha/opac-detail.pl?biblionumber=8221yKatalog online BPK 2UKDcKS c8221d8221 00104070aBPKbBPKcwo4717p01444308yKS 00104070aBPKbBPKcwo4717/Lp02441368yKS